| 000 | 00659nam a22001937a 4500 | ||
|---|---|---|---|
| 005 | 20241223121518.0 | ||
| 010 | _aB-761532 | ||
| 020 |
_a9789356064942 _c210.00 |
||
| 035 | _aB-761532 | ||
| 037 | _bGift | ||
| 082 | _a480 | ||
| 100 |
_aSaran, Charu _975553 |
||
| 245 |
_aRevised Third Edition Celebrate; _bAn Activity- based Multi-skill Course in English 7/ _cCharu Saran |
||
| 260 |
_bPearson _c2021 _aUttar Pradesh |
||
| 270 |
_a15th Floor, Tower-B, World Trade Tower, Plot No.1 Block C _bUttar Pradesh _e201301 |
||
| 300 |
_a105p. _c22cm(pb) |
||
| 942 |
_2ddc _cCH _mSAR _h480 |
||
| 999 |
_c207899 _d207899 |
||